Membeli rumah tanpa ditipu

Bibliographic Details
Main Author: Persatuan Pengguna Pulau Pinang
Format: Book
Published: Pulau Pinang : Sun Printers , 1986
Subjects:

MARC

LEADER 00000cam a2200000 7i4500
001 0000004261
005 20050415.0
040 |a INS 
090 0 0 |a HD7287.82.   |b M4 1986 
100 0 |a Persatuan Pengguna Pulau Pinang 
245 0 0 |a Membeli rumah tanpa ditipu   |c Persatuan Pengguna Pulau pinang 
260 |a Pulau Pinang :   |b Sun Printers ,   |c 1986 
300 |a 72p. :   |b ill ;   |c 22 cm. 
500 |a Includes index 
650 0 0 |a House buying 
650 0 0 |a Persatuan Pengguna Pulau Pinang (CAP) 
999 |a 0000002984   |b BOOK   |c Open Shelf   |e Default branch